Context of Procurement and Supply (Record no. 3330)

MARC details
005 - DATE AND TIME OF LATEST TRANSACTION
control field 20250606140454.0
020 ## - INTERNATIONAL STANDARD BOOK NUMBER
International Standard Book Number 978-1-86124-227-3
111 ## - MAIN ENTRY--MEETING NAME
Meeting name or jurisdiction name as entry element CIPS
245 ## - TITLE STATEMENT
Title Context of Procurement and Supply
260 ## - PUBLICATION, DISTRIBUTION, ETC.
Place of publication, distribution, etc. Stamford
Name of publisher, distributor, etc. The Charactered Institute of Purchasing & Supply
Date of publication, distribution, etc. 2012
300 ## - PHYSICAL DESCRIPTION
Extent 84p.: ill; tables.
Other physical details Notes
Dimensions 20.5 cm
942 ## - ADDED ENTRY ELEMENTS (KOHA)
Source of classification or shelving scheme Dewey Decimal Classification
Koha item type Books
Holdings
Date last seen Total checkouts Full call number Barcode Cost, replacement price Price effective from Koha item type Lost status Source of classification or shelving scheme Damaged status Not for loan Withdrawn status Home library Current library Shelving location Date acquired Source of acquisition Cost, normal purchase price
06/06/2025   658.72 CIP MBY000262 75000.00 06/06/2025 Books   Dewey Decimal Classification       CBE MBEYA CBE MBEYA Special Reserve Collection 02/21/2025 PURCHASE 25000.00
06/06/2025   658.72 CIP MBY000127 75000.00 06/06/2025 Books   Dewey Decimal Classification       CBE MBEYA CBE MBEYA General Collection 02/21/2025 PURCHASE 25000.00